The PROMOTION of sustainable forest management : a case study in Sarawak, Malaysia

Bibliographic Details
Corporate Author: International Tropical Timber Organization (ITTO)
Format: Book
Published: {s.d : s.l.] , 1990
Subjects:

MARC

LEADER 00000cam a2200000 7i4500
001 0000001540
005 20010731.0
090 0 0 |a 634.920959522   |b PRO 1990 
245 0 4 |a The PROMOTION of sustainable forest management :   |b a case study in Sarawak, Malaysia 
260 0 0 |a {s.d :   |b s.l.] ,   |c 1990 
300 |a vii, 210 p. :   |b maps ;   |c 30 cm. 
650 0 0 |a Forest management   |z Sarawak 
650 0 0 |a Sustainable forestry   |z Sarawak 
710 1 1 |a International Tropical Timber Organization (ITTO) 
998 |a JPSM 
999 |a 0000003846   |b Monograph   |c Open Shelf   |e Default branch